书目信息 |
| 题名: |
中文版Flash CS4完全学习手册
|
|
| 作者: | 刘娅琦 , 昌超 , 刘津 编著 | |
| 分册: | ||
| 出版信息: | 北京 清华大学出版社 2010.04 |
|
| 页数: | 385页, [8] 页图版 | |
| 开本: | 26cm | |
| 丛书名: | ||
| 单 册: | ||
| 中图分类: | TP391.41 | |
| 科图分类: | ||
| 主题词: | 动画--设计--图形软件--手册 | |
| 电子资源: | ||
| ISBN: | 978-7-302-21135-8 | |
| 000 | 00978nam0 2200277 450 | |
| 001 | 1063692984 | |
| 005 | 20101111174320.28 | |
| 010 | @a978-7-302-21135-8@dCNY59.00 (含光盘) | |
| 010 | @a978-7-89474-919-2@b光盘 | |
| 100 | @a20101129d2010 y0chiy0120 ea | |
| 101 | 0 | @achi |
| 102 | @aCN@b110000 | |
| 105 | @aaf z 000yy | |
| 200 | 1 | @a中文版Flash CS4完全学习手册@Azhong wen ban Flash CS4 wan quan xue xi shou ce@f刘娅琦, 昌超, 刘津编著 |
| 210 | @a北京@c清华大学出版社@d2010.04 | |
| 215 | @a385页, [8] 页图版@c图@d26cm@e光盘1片 | |
| 300 | @a完全学习手册 | |
| 330 | @a本书共15章,对Flash CS4的基础、工作环境、矢量图形绘制、文本、元件、动画、外部素材调用以及ActionScript 3.0互动开发等相关知识进行了深入的分析。 | |
| 606 | 0 | @a动画@x设计@x图形软件@x手册 |
| 610 | 0 | @aFlash CS4 |
| 690 | @aTP391.41@v4 | |
| 701 | 0 | @a刘娅琦@Aliu ya qi@4编著 |
| 701 | 0 | @a昌超@Achang chao@4编著 |
| 701 | 0 | @a刘津@Aliu jin@4编著 |
| 801 | 0 | @aCN@c20101129 |
| 905 | @dTP391.41@eL7005 | |
| 中文版Flash CS4完全学习手册/刘娅琦, 昌超, 刘津编著.-北京:清华大学出版社,2010.04 |
| 385页, [8] 页图版:图;26cm+光盘1片 |
| 完全学习手册 |
| ISBN 978-7-302-21135-8:CNY59.00 (含光盘) |
| 本书共15章,对Flash CS4的基础、工作环境、矢量图形绘制、文本、元件、动画、外部素材调用以及ActionScript 3.0互动开发等相关知识进行了深入的分析。 |
| ● |
| 相关链接 |
|
|
|
正题名:中文版Flash CS4完全学习手册
索取号:TP391.41/L7005
 
预约/预借
| 序号 | 登录号 | 条形码 | 馆藏地/架位号 | 状态 | 备注 |
| 1 | 1033717 | 210337170 | 自科库301/301自科库 66排7列5层/ [索取号:TP391.41/L7005] | 在馆 | |
| 2 | 1033718 | 210337189 | 自科二线404/404自科库 15排4列3层/ [索取号:TP391.41/L7005] | 在馆 | |
| 3 | 1033719 | 210337198 | 自科库301/301自科库 66排7列5层/ [索取号:TP391.41/L7005] | 在馆 |